Every NVSL Team (divisions 1-8) - Statistics

General Stats
  • This quiz has been taken 3 times
  • The average score is 11 of 48
Answer Stats
Hint Answer % Correct
Div. 1 Chesterbrook
100%
Div. 7 Dominion Hills
100%
Div. 1 Donaldson Run
100%
Div. 1 Highlands
100%
Div. 1 Overlee
100%
Div. 1 Tuckahoe
100%
Div. 2 Crosspointe
50%
Div. 6 Dunn Loring
50%
Div. 6 Fairfax
50%
Div. 8 Fox Hunt
50%
Div. 3 Hamlet
50%
Div. 2 High Point
50%
Div. 2 Langley
50%
Div. 1 Old Keene Mill
50%
Div. 5 Pinecrest
50%
Div. 7 Sleepy Hollow B and R
50%
Div. 7 Canterbury Woods
0%
Div. 5 Cardinal Hill
0%
Div. 8 Cottontail
0%
Div. 8 Dowden Terrace
0%
Div. 6 Fairfax Station
0%
Div. 3 Fair Oaks
0%
Div. 4 Hiddenbrook
0%
Div. 6 Hunter Mill
0%
Div. 2 Hunt Valley
0%
Div. 3 Kent Gardens
0%
Div. 4 Lee Graham
0%
Div. 4 Little Hunting Park
0%
Div. 3 Little Rocky Run
0%
Div. 8 Mansion House
0%
Div. 3 Mantua
0%
Div. 2 McLean
0%
Div. 8 Mount Vernon Park
0%
Div. 2 Oakton
0%
Div. 4 Orange Hunt
0%
Div. 7 Parklawn
0%
Div. 6 Poplar Heights
0%
Div. 8 Ravensworth Farm
0%
Div. 7 Rolling Hills
0%
Div. 5 Sleepy Hollow Rec
0%
Div. 5 South Run
0%
Div. 6 Springboard
0%
Div. 4 Vienna Aquatic
0%
Div. 4 Vienna Woods
0%
Div. 5 Virginia Hills
0%
Div. 5 Virginia Run
0%
Div. 3 Wakefield Chapel
0%
Div. 7 Waynewood
0%
No matching quizzes found
Score Distribution
Percent of People with Each Score
Percentile by Number Answered
Your Score History
You have not taken this quiz